000 00548nam a22001937a 4500
999 _c160467
_d160467
005 20190130153021.0
010 _aENG-124672
020 _a9788181523655
_c1400.00
035 _aEN-108204
037 _bDBAD/PUB
082 _a155.4
100 _aNajma Begum
245 _aChild psychology/
_cby Najma Begum
260 _aJaipur
_bBook Enclave
_c2015
270 _aF-11, S.S.Tower,Dhamani Street,Chaura Rasta,
_bJaipur
_e302003
300 _a264p.
_c24cm (Hb)
500 _aIt includes index
942 _2ddc
_cEN
_mNAJ
_h155.4